Investujete v zahraničí? Daňové podmínky. 1
Záujem českých firiem o možnosť vstupu na zahraničné trhy formou priamych investícií. Uplatňovaný systém zdaňovania príjmov podnikateľských subjektov vo vybraných krajinách. Charakteristika niekoľkých všeobecných pojmov (daňoví rezidenti, daňoví nerezidenti, spoločnosť, dividendy, kapitálový zisk al...
Saved in:
| Main Author: | |
|---|---|
| Other Authors: | |
| Format: | Book Chapter |
| Language: | Czech |
| Subjects: | |
| Tags: |
No Tags, Be the first to tag this record!
|
MARC
| LEADER | 00000naa a2200000 4500 | ||
|---|---|---|---|
| 001 | r016727 | ||
| 005 | 20221205101425.3 | ||
| 041 | 0 | |a cze | |
| 044 | |a CZ | ||
| 245 | 1 | 0 | |a Investujete v zahraničí? |b Daňové podmínky. 1 |c L. Meloun, M. Pekárek |
| 520 | |a Záujem českých firiem o možnosť vstupu na zahraničné trhy formou priamych investícií. Uplatňovaný systém zdaňovania príjmov podnikateľských subjektov vo vybraných krajinách. Charakteristika niekoľkých všeobecných pojmov (daňoví rezidenti, daňoví nerezidenti, spoločnosť, dividendy, kapitálový zisk alebo strata). Daňová situácia vo V. Británii, Rakúsku a Nemecku. | ||
| 610 | 2 | 0 | |a trh zahraničný |
| 610 | 2 | 0 | |a investície v zahraničí |
| 610 | 2 | 0 | |a investície zahraničné |
| 610 | 2 | 0 | |a dane |
| 610 | 2 | 0 | |a Česko |
| 610 | 2 | 0 | |a Veľká Británia |
| 610 | 2 | 0 | |a Rakúsko |
| 610 | 2 | 0 | |a Nemecko |
| 610 | 2 | 0 | |a rezidenti |
| 100 | 1 | |a Meloun, L. | |
| 700 | 1 | |a Pekárek, M. | |